La notion de conscience d'après Henri Bergson (Record no. 320632)
[ view plain ]
| 000 -CABECERA | |
|---|---|
| Campo de control de longitud fija | 00350nab a22001097u 4500 |
| 008 - CÓDIGOS DE INFORMACIÓN DE LONGITUD FIJA | |
| Campo de control de longitud fija | 130520b1933 xxu||||| |||| 00| 0 fre d |
| 041 ## - CÓDIGO DE LENGUA | |
| Código de lengua del texto/banda sonora o título independiente | fre |
| 100 1# - PUNTO DE ACCESO PRINCIPAL-NOMBRE DE PERSONA | |
| Nombre de persona | Thibon, Gustave |
| 9 (RLIN) | 4426 |
| 245 00 - MENCIÓN DE TÍTULO | |
| Título | La notion de conscience d'après Henri Bergson |
| Mención de responsabilidad, etc. | Gustave Thibon |
| 773 0# - ENLACE AL DOCUMENTO FUENTE | |
| Título | Revue Thomiste |
| Parte(s) relacionada(s) | V.16, nº77,1933,págs. 399-423 |
| Número Internacional Normalizado para Publicaciones Seriadas (ISSN) | 0035-4295 |
| Número de control del registro relacionado | Rev388 |
| 942 ## - ENTRADA DE ELEMENTOS AGREGADOS (KOHA) | |
| Koha [por defecto] tipo de item | Artículos de revista |
| Suprimido | Perdido | Estropeado | No para préstamo | Localización permanente | Localización actual | Localización en estantería | Fecha adquisición | Préstamos totales | Fecha última consulta | Fecha del precio de reemplazo | Tipo de item de Koha |
|---|---|---|---|---|---|---|---|---|---|---|---|
| San Esteban | San Esteban | Depósito de revistas | 21/05/2013 | 21/05/2013 | 21/05/2013 | Artículos de revista |
